000 00325nam a2200145Ia 4500
008 210210b xxu||||| |||| 00| 0 eng d
041 _aeng
082 _a874/8
100 _aVERMONY CHACKO (P V)
245 _aKavikesarikal
260 _a
_b-
_c
650 _aKavikesarikal
690 _aMalayalam Criticism
906 _a002602
999 _c124572
_d124572